000 00832nam a2200253 i 4500
001 000038104
003 DO-SdBNP
005 20240216112154.0
007 ta
008 110427s1952 dr 000 0 spa d
040 _aDO-SdBNP
_bspa
_cBNPHU
_erda
082 _222
_bC422n
100 _aCestero, Tulio M.
_eautor
_982171
245 1 3 _aNuestro Colón /
_cTulio M. Cestero
264 _aSanto Domingo :
_bEditora no identificada,
_c1952
300 _a[22] paginas ;
_c24 cm.
336 _2rdacontent
_atexto
_btxt
337 _2rdamedia
_asin mediación
_bn
338 _2rdacarrier
_avolumen
_bnc
500 _aArticulo de la pagina 32 hasta la pagina 54, de la conferencia dictada por el autor, en el Ateneo Dominicano, en su noche del 26 de mayo de 1950
590 _aInventariado, 2024/ DG
910 _aDG
942 _2ddc
_cLF2
999 _c55711
_d55711